| 000 | 00551nam a2200169Ia 4500 | ||
|---|---|---|---|
| 003 | SGT | ||
| 020 | _a9788120324435 | ||
| 082 |
_a4.6 _bPRA |
||
| 100 | _aPrabhu, C. S. R. | ||
| 245 | _aBluetooth technology and its applications with java and J2ME | ||
| 260 |
_bPHI Learning Private Limited _aNew Delhi _c2004 |
||
| 300 | _a326p. | ||
| 650 | _aCOMPUTER SCIENCE | ||
| 653 | _aINTRODUCTION TO WIRELESS TECHNOLOGIES,INTRODUCTION TO BLUETOOTH,BLUETOOTH RADIO,BLUETOOTH NETWORKING, CONNECTION ESTABLISHMENT | ||
| 700 | _aReddi,A Prathap | ||
| 942 |
_2ddc _cBK |
||
| 999 |
_c5043 _d5043 |
||